000 00572cam a22002053a 4500
001 44691
003 PGUSA
005 20140828084024.0
008 140117s2014||||xxu|||||s|||||000 | eng d
040 _aPGUSA
_beng
042 _adc
100 1 _aRitchie, Robert Welles
245 1 0 _aDust of the Desert
_h[electronic resource] /
_cRobert Welles Ritchie
260 _bProject Gutenberg,
_c2014
506 _aPublic domain in the USA.
516 _aElectronic text
830 0 _aProject Gutenberg
_v44691
856 4 0 _uhttp://www.gutenberg.org/ebooks/44691
942 _cEB
999 _c273942
_d273942